000 00330nam a22001457a 4500
008 230419b ||||| |||| 00| 0 eng d
020 _a9780199265848
041 _aeng
080 _a330.101
082 _a330.101RAV
100 _a23.1
101 _aECONO
245 _aGLOBAL POLITICAL ECONOMY
_cRAVENHILL.J
942 _2udc
_cBK
999 _c59608
_d59608